LEADER 04172nam 22009133u 450 001 9910452446903321 005 20210114041426.0 010 $a0-520-93803-8 024 7 $a10.1525/9780520938038 035 $a(CKB)2550000001129401 035 $a(EBL)1873254 035 $a(SSID)ssj0001189921 035 $a(PQKBManifestationID)11704382 035 $a(PQKBTitleCode)TC0001189921 035 $a(PQKBWorkID)11188838 035 $a(PQKB)11427495 035 $a(MiAaPQ)EBC1873254 035 $a(DE-B1597)518937 035 $a(OCoLC)868963692 035 $a(DE-B1597)9780520938038 035 $a(EXLCZ)992550000001129401 100 $a20141208d2007|||| u|| | 101 0 $aeng 135 $aur|n|---||||| 181 $ctxt 182 $cc 183 $acr 200 10$aGolden gulag$b[electronic resource] $eprisons, surplus, crisis, and opposition in globalizing California 210 $aBerkeley $cUniversity of California Press$d2007 215 $a1 online resource (413 p.) 225 1 $aAmerican Crossroads ;$vv.21 300 $aDescription based upon print version of record. 311 $a0-520-24201-7 311 $a1-299-98763-X 327 $aCover; Title; Copyright; Contents; List of Illustrations; List of Tables; Acknowledgments; List of Abbreviations; Prologue: The Bus; 1. Introduction; 2. The California Political Economy; 3. The Prison Fix; 4. Crime, Croplands, and Capitalism; 5. Mothers Reclaiming Our Children; 6. What Is to Be Done?; Epilogue: Another Bus; Notes; Bibliography and References; Index; A; B; C; D; E; F; G; H; I; J; K; L; M; N; O; P; Q; R; S; T; U; V; W; Y; Z 330 $aSince 1980, the number of people in U.S. prisons has increased more than 450%. Despite a crime rate that has been falling steadily for decades, California has led the way in this explosion, with what a state analyst called "the biggest prison building project in the history of the world." Golden Gulag provides the first detailed explanation for that buildup by looking at how political and economic forces, ranging from global to local, conjoined to produce the prison boom. In an informed and impassioned account, Ruth Wilson Gilmore examines this issue through statewide, rural, and urban perspe 410 0$aAmerican Crossroads 606 $aCalifornia -- Economic conditions 606 $aCriminal justice, Administration of -- California 606 $aDiscrimination in criminal justice administration -- California 606 $aImprisonment -- California 606 $aMinorities -- California 606 $aPrisons -- California 606 $aPrisons -- Economic aspects -- California 606 $aPrisons$xEconomic aspects$zCalifornia 606 $aPrisons$zCalifornia 606 $aImprisonment$zCalifornia 606 $aCriminal justice, Administration of$zCalifornia 606 $aDiscrimination in criminal justice administration$zCalifornia 606 $aMinorities$zCalifornia 606 $aSocial Welfare & Social Work$2HILCC 606 $aSocial Sciences$2HILCC 606 $aCriminology, Penology & Juvenile Delinquency$2HILCC 608 $aElectronic books. 615 4$aCalifornia -- Economic conditions. 615 4$aCriminal justice, Administration of -- California. 615 4$aDiscrimination in criminal justice administration -- California. 615 4$aImprisonment -- California. 615 4$aMinorities -- California. 615 4$aPrisons -- California. 615 4$aPrisons -- Economic aspects -- California. 615 0$aPrisons$xEconomic aspects 615 0$aPrisons 615 0$aImprisonment 615 0$aCriminal justice, Administration of 615 0$aDiscrimination in criminal justice administration 615 0$aMinorities 615 7$aSocial Welfare & Social Work 615 7$aSocial Sciences 615 7$aCriminology, Penology & Juvenile Delinquency 676 $a365.9794 700 $aGilmore$b Ruth Wilson$f1950-$01055663 801 0$bAU-PeEL 801 1$bAU-PeEL 801 2$bAU-PeEL 906 $aBOOK 912 $a9910452446903321 996 $aGolden gulag$92489236 997 $aUNINA LEADER 04030oam 2200781I 450 001 9910451595303321 005 20200520144314.0 010 $a1-280-66119-4 010 $a9786613638120 010 $a1-136-45306-7 010 $a0-203-12590-8 024 7 $a10.4324/9780203125908 035 $a(CKB)2550000000100375 035 $a(EBL)957490 035 $a(OCoLC)798533209 035 $a(SSID)ssj0000677475 035 $a(PQKBManifestationID)11469825 035 $a(PQKBTitleCode)TC0000677475 035 $a(PQKBWorkID)10694716 035 $a(PQKB)11067861 035 $a(MiAaPQ)EBC957490 035 $a(Au-PeEL)EBL957490 035 $a(CaPaEBR)ebr10558561 035 $a(CaONFJC)MIL363812 035 $a(OCoLC)793947617 035 $a(EXLCZ)992550000000100375 100 $a20180706d2012 uy 0 101 0 $aeng 135 $aur|n|---||||| 181 $ctxt 182 $cc 183 $acr 200 00$aEthics and images of pain /$fedited by AsbjØrn GrØnstad and Henrik Gustafsson 210 1$aNew York, N.Y. :$cRoutledge,$d2012. 215 $a1 online resource (263 p.) 225 1 $aRoutledge advances in art and visual studies ;$v1 300 $aDescription based upon print version of record. 311 $a1-138-24330-2 311 $a0-415-89382-8 320 $aIncludes bibliographical references and index. 327 $aCover; Ethics and Images of Pain; Copyright; Contents; List of Figures; Acknowledgements; Preface; Introduction; PART I: From Voyeurism to Visual Politics; 1. Do Not Look at Y/Our Own Peril: Voyeurism as Ethical Necessity, or To See as a Child Again; 2. Associates in Crime and Guilt; 3. Painful Photographs: From the Ethics of Spectatorship to Visual Politics; PART II: Looking In, Looking Away; 4. The Violence of the Documentary Image: Errol Morris's Standard Operating Procedure 327 $a5. Visual Irruptions, Mediated Suffering, and the Robert Dziekanski Tragedy: An Inquiry into the Effi cacy of the Image6. Tuning Out, Turning In, and Walking Off : The Film Spectator in Pain; PART III: Performances; 7. Imaging Pain; 8. The Unsettling Moment: On Mathilde ter Heijne's Suicide Trilogy; 9. Gulag Follies; PART IV: Mimetic and Mnemonic Frames; 10. Imag(in)ing Painful Pasts: Mimetic and Poetic Style in War Films; 11. The Sanctifi ed Fallen: The War Film as Witness; 12. Medical Horror: Visual Documents From the History of Lobotomy; Contributers; Index 330 $aFew phenomena are as formative of our experience of the visual world as displays of suffering. But what does it mean to have an ethical experience of disturbing or traumatizing images? What kind of ethical proposition does an image of pain mobilize? How may the spectator learn from and make use of the painful image as a source of ethical reflection? Engaging with a wide range of visual media--from painting, theatre, and sculpture, to photography, film, and video--this interdisciplinary collection of essays by leading and emerging scholars of visual culture offers a reappraisal of the increasin 410 0$aRoutledge advances in art and visual studies ;$v1. 606 $aArt$xMoral and ethical aspects 606 $aMass media$xMoral and ethical aspects 606 $aPain in art 606 $aPain in mass media 606 $aPain in the performing arts 606 $aPerforming arts$xMoral and ethical aspects 608 $aElectronic books. 615 0$aArt$xMoral and ethical aspects. 615 0$aMass media$xMoral and ethical aspects. 615 0$aPain in art. 615 0$aPain in mass media. 615 0$aPain in the performing arts. 615 0$aPerforming arts$xMoral and ethical aspects. 676 $a700.453 676 $a700/.453 676 $a701 701 $aGrØnstad$b AsbjØrn$0800803 701 $aGustafsson$b Henrik$0868088 801 0$bFlBoTFG 801 1$bFlBoTFG 906 $aBOOK 912 $a9910451595303321 996 $aEthics and images of pain$91937958 997 $aUNINA